ÉVAL vocabulary 2 lava - Statistiques

Statistiques générales
  • Ce quiz a été pris 56 fois
  • Le résultat moyen est 21 sur 24
Statistiques - réponses
Français Anglais % Correct
maison h{ome}
98%
année y{ear}
98%
après a{fter}
96%
rêve d{ream}
96%
terre e{arth}
96%
nouveau n{ew}
96%
maintenant n{ow}
96%
avant b{efore}
94%
autre o{ther}
94%
mer s{ea}
94%
ensemble t{ogether}
94%
seul a{lone}
92%
espoir h{ope}
92%
milieu m{iddle}
92%
quelqu'un s{omeone}
92%
merci t{hank you}
90%
finalement f{inally}
88%
ciel s{ky}
87%
larme t{ear}
81%
lave l{ava}
79%
jusqu'à u{ntil}
77%
volcan v{olcano}
75%
pierre s{tone}
71%
adorable l{ovely}
60%
Aucun quiz correspondant
Distribution des résultats
% des personnes avec chaque résultat
Percentile par nombre de réponses
Votre historique - résultats
Vous n’avez pas pris ce quiz